Responses for Show #2238 - Wednesday, May 4, 1994

1994 College Championship quarterfinal game 3.

Contestants

[<< previous game]

Martin Poteralski, a senior from Georgia Tech

Elizabeth Lizotte, a senior from Simpson College

Dave Goldsmith, a senior from Colgate University

[next game >>]

Jeopardy! Round responses

FISH
SPORTS
HINTS FROM HELOISE
LITERATURE
TRAVEL U.S.A.
ANAGRAMS
    $100 20
Hawaii

Martin
    $100 22
bowling

Elizabeth
    $100 28
cookie cutters

Dave
    $100 11
Stephen Crane

Martin
    $100 5
White House

Elizabeth
    $100 1
rat (from tar)

Martin
    $200 2
catfish

Martin
    $200 23
Arthur Ashe

Martin
    $200 21
newspapers

Elizabeth
    $200 12
(F. Scott) Fitzgerald

Martin
    $200 6
Las Vegas

Elizabeth
    $200 4
short (from Horst)

Elizabeth
    $300 3
goldfish

Dave
    $300 25
Florida St.

Martin
    $300 24
mayonnaise

Elizabeth
    $300 13
Moll Flanders

Elizabeth
    $300 7
(Dave: What's the Sky Needle?)

Space Needle

DaveMartin
    $300 17
Army (from Mary)

Martin
    $400 8
salmon

Elizabeth
    $400 26
golf

Elizabeth
    $400 29
snow

Martin
    $400 14
The Mill on the Floss

Elizabeth
    $400 9
Mount Washington

Triple Stumper
    $400 18
oracle (from Carole)

Dave
    $800 16
(Martin: What is tuna?

(Atlantic) cod

Martin
    $500 27
Joe Namath

Elizabeth
    $500 30
pillow

Elizabeth
    $500 15
(Alex: Yes, the first six books based on The Odyssey.)

Aeneid

Martin
    $500 10
Rochester

Elizabeth
    $500 19
Peru (from pure)

Triple Stumper

Scores at the first commercial break (after clue 15):

Dave Elizabeth Martin
$0 $2,100 $1,400

Scores at the end of the Jeopardy! Round:

Dave Elizabeth Martin
$500 $4,100 $1,900

Double Jeopardy! Round responses

NATIVE AMERICANS
MUSIC
FRUITS & VEGETABLES
THE CIVIL WAR
PSYCH 101
FORMER SOVIET REPUBLICS
    $200 20
Pocahontas

Dave
    $200 1
Felix Mendelssohn

Elizabeth
    $200 7
(Dave: What is the fig?)

date

DaveElizabeth
    $200 8
slaves

Martin
    $200 21
new

Dave
    $200 26
Russia

Dave
    $400 27
Sacajawea

Dave
    $400 2
New Orleans

Elizabeth
    $400 15
beet

Elizabeth
    $400 11
Monitor

Martin
    $400 17
Freud

Elizabeth
    $400 25
Moldavia

Martin
    $600 28
Wisconsin

Elizabeth
    $600 3
aria

Martin
    $600 16
broccoli

Martin
    $600 12
Fort Sumter

Dave
    $600 22
Rorschach

Dave
    $600 4
Ukraine

Dave
    $800 29
Cherokee

Martin
    $800 5
(Elizabeth: What is, uh...)

H.M.S. Pinafore

DaveElizabeth
    $800 18
Ireland

Dave
    $800 13
Pickett

Martin
    $800 23
schizophrenia

Martin
    $800 9
Latvia

Martin
    $1000 30
Geronimo

Elizabeth
    $1000 6
(Elizabeth: Who is Bartok?)

(Franz) Liszt

DaveElizabeth
    $1000 19
plantain

Elizabeth
    $1000 14
Andersonville

Dave
    $1,000 24
gestalt

Martin
    $1,500 10
Armenia

Martin

Scores at the end of the Double Jeopardy! Round:

Dave Elizabeth Martin
$6,700 $6,500 $9,800

Final Jeopardy! Round responses

GOVERNMENT
ElizabethWho is lt. governor
$6,500
DaveWho is the lt. governor
$6,600
MartinWho is the lieutenant gov.?
$2,800
lieutenant governor

Final scores:

Dave Elizabeth Martin
$13,300 $13,000 $12,600
Automatic semifinalist 2nd place: $1,000 if eliminated 3rd place: $1,000 if eliminated

Game dynamics:

Coryat scores:

Dave Elizabeth Martin
$6,700 $6,500 $10,100
14 R,
2 W
21 R,
2 W
22 R
(including 2 DDs),
1 W
(including 1 DD)

Combined Coryat: $23,300

[game clues] [game scores] [suggest correction]

Game tape date: 1994-02-27
The J! Archive is created by fans, for fans. Scraping, republication, monetization, and malicious use prohibited; this site may use cookies and collect identifying information. See terms. The Jeopardy! game show and all elements thereof, including but not limited to copyright and trademark thereto, are the property of Jeopardy Productions, Inc. and are protected under law. This website is not affiliated with, sponsored by, or operated by Jeopardy Productions, Inc. Join the discussion at JBoard.tv.